| 000 | 00716nam a2200193 i 4500 | ||
|---|---|---|---|
| 001 | 23823 | ||
| 003 | ES-MaACL | ||
| 005 | 20240522063030.0 | ||
| 007 | t| | ||
| 008 | 021212s1971 mx f |||| | spa d | ||
| 100 | 0 |
_aDe Amicis, Edmondo, _d1846-1908 _943032 |
|
| 245 | 1 | 0 |
_aCorazón _b: diario de un niño / _cEdmondo De Amicis ; traducido de la 44 edición italiana por H. Giner de los Ríos y con un prólogo de Isidoro Fernández Flórez. |
| 260 |
_aMéxico : _bEditora Nacional, _c[1971] |
||
| 300 |
_a326 p., 14 lám. ; _c17 cm. |
||
| 700 | 1 |
_aGiner de los Ríos, Hermenegildo. _957125 |
|
| 700 | 1 |
_aFernández Flórez, Isidoro. _949788 |
|
| 852 |
_aES-MaACL _jE-9354 |
||
| 999 |
_c23823 _d23823 |
||